El sentido de la codificación civil : (Registro nro. 24985)
[ vista simple ]
| 000 -Cabecera | |
|---|---|
| Campo de control interno | 00536nam a2200181Ia 4500 |
| 005 - Fecha y hora del registro | |
| control field | 20260414151120.0 |
| 008 - Elementos de Longitud Fija | |
| fixed length control field | 260414t2004||||xx |||||||||||||| ||spa|| |
| 041 ## - Idioma | |
| Codigo Idioma | ESP |
| 082 ## - DEWEY y NOTACIÓN INTERNA | |
| Dewey | 346.09 |
| Notación Interna | L45 |
| 100 ## - AUTOR | |
| Autor denominación | León, Leysser L. |
| Término de relación | autor |
| 245 #0 - TÍTULO DE MATERIAL BIBLIOGRÁFICO | |
| Título | El sentido de la codificación civil : |
| Título paralelo | estudios sobre la circulación de los modelos jurídicos y su influencia en el Código Civil peruano |
| 260 ## - CIUDAD, EDITORIAL, AÑO | |
| Año | 2004 |
| 300 ## - DESCRIPCIÓN | |
| N° Páginas | 338 páginas : |
| Dimensiones | 20 cm. |
| 650 ## - TEMAS | |
| Temas | Derecho |
| 654 ## - PROGRAMAS | |
| Programa | Dpto. de Derecho y Ciencia Política |
| 942 ## - ELEMENTOS DE KOHA | |
| Tipo de documento | Libro |
| Nombre del creador | Justo Noguera |
| Código de catalogador | Justo Noguera |
| Esquema de clasificación | Dewey Decimal Classification |
| Suppress in OPAC | |
| Codigo completo | Registro | Colección | Copia número | Disponibilidad | Tipo de préstamo | Biblioteca Actual | Procedencia (Biblioteca) | Ubicacón | Fecha Ingreso | Tipo de Adquisición | Date last seen | Total checkouts | Price effective from | Tipo de Item | Estado del Material | Damaged status | Withdrawn status |
|---|---|---|---|---|---|---|---|---|---|---|---|---|---|---|---|---|---|
| 346.09 L45 | U0015049 | Universidad Católica San Pablo | 1 | Disponible | Disponible | Víctor Andrés Belaunde | Víctor Andrés Belaunde | Primer piso | 14/04/2026 | Donación | 14/04/2026 | 14/04/2026 | Libro | Bueno |




